000 01120nam a2200301 c 4500
003 BLK
005 20180420221048.0
008 180408b bul|||||r ||||||| ||bul||
010 _aKNG00041538000
020 _a2-01-018876-4
_bиздат.: Hachette
040 _aBLK
041 _aFRE
_cFRE
080 _aОбщи енциклопедии. Енциклопедични речници. Научни справочници. Отраслови енциклопедии и справочници се класират в съответните отдели с определител за форма
_b03
_x
_z03
139 _aDictionnaire Hachette junior
_bD 53
245 1 0 _aDictionnaire Hachette junior
_bLangue francaise
257 _aFRA
260 Paris
_bHachette
_c1993
300 _a1096 c.
_bс ил.
_c20 cm
380 _a0
650 4 _aЕнциклопедии, детски
_9154962
653 _aдеца
653 _aенциклопедии
852 _aЦб 173602
856 4 _qpdf
_u
856 4 _qpdf
_u
942 _cKNG
_n0
944 _aCR
_c15.01.2003
_kТеодора_Стоянова
944 _aED
_c14.09.2009
_k
999 _c38324
_d38324